| 000 | 00593cam a22002173a 4500 | ||
|---|---|---|---|
| 001 | 38670 | ||
| 003 | PGUSA | ||
| 005 | 20140828083843.0 | ||
| 008 | 120125s2012||||xxu|||||s|||||000 | eng d | ||
| 040 |
_aPGUSA _beng |
||
| 042 | _adc | ||
| 100 | 1 |
_aBindloss, Harold, _d1866-1945 |
|
| 245 | 1 | 0 |
_aFor Jacinta _h[electronic resource] / _cHarold Bindloss |
| 260 |
_bProject Gutenberg, _c2012 |
||
| 506 | _aPublic domain in the USA. | ||
| 516 | _aElectronic text | ||
| 700 | 1 | _aHood, G. W. | |
| 830 | 0 |
_aProject Gutenberg _v38670 |
|
| 856 | 4 | 0 | _uhttp://www.gutenberg.org/ebooks/38670 |
| 942 | _cEB | ||
| 999 |
_c267924 _d267924 |
||